Marvel United - All Characters - Statistics

General Stats
  • This quiz has been taken 25 times
    7 since last reset
  • The average score is 191 of 357
Answer Stats
Found in... Type Answer % Correct
Marvel United Stretch Goals Hero Ant-Man
100%
Marvel United Core Box Hero Black Widow
100%
Marvel United Core Box Hero Captain America
100%
Civil War Expansion Hero Captain America (Classic)
100%
Marvel United: Multiverse Stretch Goals Hero Captain America (Sam Wilson)
100%
Marvel United Core Box Hero Captain Marvel
100%
World War Hulk Expansion Anti-Hero Gladiator Hulk/World Breaker Hulk
100%
Marvel United: Witching Hour/Promo Hero Grey Hulk
100%
Marvel United Core Box KS Exclusive Hero Hawkeye
100%
Marvel United Core Box Hero Hulk
100%
World War Hulk Expansion Hero Hulkbuster Iron Man
100%
Marvel United Stretch Goals Hero Iron Fist
100%
Marvel United Core Box Hero Iron Man
100%
Civil War Expansion Hero Iron Man (Civil War)
100%
Civil War Expansion Hero Kate Bishop
100%
Marvel United: Multiverse Stretch Goals Hero M
100%
Marvel United Stretch Goals Hero Mockingbird
100%
Marvel United Core Box KS Exclusive Hero Nick Fury
100%
Secret Invasion Expansion Hero Nick Fury, Sr.
100%
The Infinity Guantlet Expansion Villain Proxima Midnight
100%
Marvel United Core Box Villain Red Skull
100%
The Infinity Guantlet Expansion Villain Thanos
100%
Marvel United Core Box Villain Ultron
100%
Marvel United Stretch Goals Hero Wasp
100%
First Class Expansion Hero Angel
75%
The Horsemen of the Apocalypse Expansion Anti-Hero Apocalypse
75%
The Age of Apocalypse Expansion Villain Apocalypse (Age of Apocalypse)
75%
Marvel United: X-Men Core Box Hero Beast
75%
First Class Expansion Hero Beast
75%
Gold Team Expansion Hero Bishop
75%
The Infinity Guantlet Expansion Villain Black Dwarf
75%
Rise of the Black Panther Expansion Hero Black Panther
75%
Marvel United Stretch Goals Hero Blade
75%
Marvel United: X-Men Stretch Goals Hero Blink
75%
Marvel United: X-Men Core Box KS Exclusive Villain Blob
75%
Marvel United Stretch Goals Villain Bullseye
75%
Marvel United: X-Men Stretch Goals (X-Force Expansion) Hero Cannonball
75%
Marvel United Stretch Goals Villain Carnage
75%
Marvel United: Multiverse Stretch Goals Villain Chameleon
75%
Gold Team Expansion Hero Colossus
75%
Phoenix Five Expansion Villain Colossus
75%
Marvel United Core Box KS Exclusive Villain Corvus Glaive
75%
Marvel United: Multiverse Core Box Anti-Hero Cosmic Ghost Rider
75%
Marvel United: Multiverse Stretch Goals Hero Cyborg Spider-Man
75%
Marvel United: X-Men Core Box Hero Cyclops
75%
First Class Expansion Hero Cyclops
75%
Phoenix Five Expansion Villain Cyclops
75%
Marvel United Stretch Goals Hero Daredevil
75%
The Age of Apocalypse Expansion Villain Dark Beast
75%
Maximum Carnage Expansion Challenge Dark Carnage
75%
Marvel United: Multiverse Stretch Goals Anti-Hero Darkchild
75%
Marvel United: X-Men Stretch Goals Villain Dark Phoenix
75%
Deadpool Expansion Hero Deadpool
75%
Deadpool Expansion Villain Deadpool
75%
Deadpool Expansion Challenge Deadpool
75%
Marvel United: Witching Hour/Promo Hero Deadpool (X-Force)
75%
Return of the Sinister Six Expansion Villain Doctor Octopus
75%
Marvel United Stretch Goals Hero Doctor Strange
75%
Marvel United: X-Men Stretch Goals (X-Force Expansion) Hero Domino
75%
Marvel United Stretch Goals Villain Dormammu
75%
Marvel United Stretch Goals Hero Drax
75%
The Infinity Guantlet Expansion Villain Ebony Maw
75%
Return of the Sinister Six Expansion Villain Electro
75%
Marvel United Stretch Goals Hero Elektra
75%
Phoenix Five Expansion Villain Emma Frost
75%
Marvel United: X-Men Stretch Goals Anti-Hero Emma Frost
75%
Gold Team Expansion KS Exclusive Hero Forge
75%
The Coming of Galactus Expansion Challenge Galactus
75%
Blue Team Expansion Hero Gambit
75%
Guardians of the Galaxy Remix Expansion KS Exclusive Hero Gamora
75%
Marvel United Stretch Goals Hero Ghost Rider
75%
Marvel United: Multiverse Stretch Goals Hero Ghost Rider (Johnny Blaze)
75%
Enter the Spider-Verse Expansion Hero Ghost-Spider
75%
Enter the Spider-Verse Expansion Villain Green Goblin
75%
Guardians of the Galaxy Remix Expansion Hero Groot
75%
Marvel United: X-Men Stretch Goals Hero Havok
75%
Marvel United: Multiverse Stretch Goals Hero Havok (X-Factor)
75%
Marvel United: Multiverse Stretch Goalsv Villain Hobgoblin
75%
Fantastic Four Expansion Hero Human Torch
75%
First Class Expansion Hero Iceman
75%
Gold Team Expansion Hero Iceman
75%
Fantastic Four Expansion Hero Invisible Woman
75%
Civil War Expansion KS Exclusive Hero Iron Spider
75%
Marvel United: X-Men Core Box Hero Jean Grey
75%
Marvel United Stretch Goals Hero Jessica Jones
75%
Blue Team Expansion Hero Jubilee
75%
Marvel United: X-Men Core Box Villain Juggernaut
75%
Marvel United: Witching Hour/Promo Hero Juggernaut
75%
Marvel United After Campagin Add-On Villain Kang
75%
Rise of the Black Panther Expansion Villain Killmonger
75%
Marvel United Stretch Goals Villain Kingpin
75%
Marvel United: X-Men Stretch Goals Hero Kitty Pryde
75%
Marvel United: Multiverse Stretch Goals Villain Knull
75%
Return of the Sinister Six Expansion Villain Kraven
75%
Marvel United: X-Men Stretch Goals Villain Lady Deathstrike
75%
Marvel United: Multiverse Stretch Goals Villain Lizard
75%
Days of Future Past Expansion Hero Logan
75%
Marvel United Stretch Goals Hero Luke Cage
75%
Phoenix Five Expansion Villain Magik
75%
Marvel United: X-Men Stretch Goals Hero Magik
75%
Marvel United: X-Men Core Box Anti-Hero Magneto
75%
The Age of Apocalypse Expansion Hero Magneto (Age of Apocalypse)
75%
Marvel United Stretch Goals Hero Mantis
75%
Secret Invasion Expansion Hero Maria Hill
75%
First Class Expansion Hero Marvel Girl
75%
Marvel United: Multiverse Core Box Hero Mighty Thor
75%
Enter the Spider-Verse Expansion Hero Miles Morales
75%
Fantastic Four Expansion Hero Mister Fantastic
75%
Marvel United Stretch Goals Hero Ms. Marvel
75%
Return of the Sinister Six Expansion Villain Mysterio
75%
Marvel United: X-Men Core Box Anti-Hero Mystique
75%
Marvel United: X-Men Stretch Goals Hero Nightcrawler
75%
Marvel United Stretch Goals Hero Nova
75%
The Coming of Galactus Expansion Anti-Hero Nova (Frankie Raye)
75%
Annihilation Expansion Hero Nova Prime
75%
Marvel United Stretch Goals Hero Okoye
75%
Marvel United: X-Men KS Exclusive (Uncanny only) Hero Old Man Logan
75%
Marvel United: X-Men Stretch Goals Hero Phoenix
75%
Marvel United: X-Men Stretch Goals Hero Polaris
75%
Marvel United: X-Men Core Box Hero Professor X
75%
Marvel United Stretch Goals Hero Punisher
75%
Marvel United: X-Men Core Box KS Exclusive Villain Pyro
75%
Secret Invasion Expansion Hero Quake
75%
Marvel United Stretch Goals Hero Quicksilver
75%
First Class Expansion Villain Quicksilver
75%
Marvel United Stretch Goals Villain Rhino
75%
Guardians of the Galaxy Remix Expansion Hero Rocket
75%
Blue Team Expansion Hero Rogue
75%
Marvel United: X-Men Core Box Villain Sabretooth
75%
The Age of Apocalypse Expansion Hero Sabretooth & Wildchild
75%
Marvel United Stretch Goals Hero Scarlet Witch
75%
First Class Expansion Villain Scarlet Witch
75%
Marvel United: Witching Hour Villain Scarlet Witch
75%
Maximum Carnage Expansion Villain Scorpion
75%
Gold Team Expansion Villain Sebastian Shaw
75%
Marvel United Stretch Goals Hero She-Hulk
75%
Marvel United: Multiverse Stretch Goals Villain Shocker
75%
Rise of the Black Panther Expansion Hero Shuri
75%
Marvel United: Multiverse Core Box Hero Shuri Black Panther
75%
Fantastic Four Expansion Hero Silver Surfer
75%
Enter the Spider-Verse Expansion KS Exclusive Hero Spider-Ham
75%
Enter the Spider-Verse Expansion Hero Spider-Man
75%
Marvel United Stretch Goals Hero Spider-Man 2099
75%
Marvel United: Multiverse Core Box Hero Spider-Man 2099 (Original)
75%
Marvel United: Spider-Geddon Hero Spider-Man Noir
75%
Marvel United Stretch Goals Hero Spider-Woman
75%
Guardians of the Galaxy Remix Expansion Hero Star-Lord
75%
Marvel United: X-Men Core Box Hero Storm
75%
Marvel United: X-Men KS Exclusive (Apocalypse/Uncanny only) Hero Storm (Mohawk)
75%
Marvel United: X-Men Stretch Goals Hero Sunfire
75%
Marvel United: X-Men Stretch Goals Hero Sunspot
75%
Marvel United: Spider-Geddon Anti-Hero Superior Spider-Man
75%
Marvel United: Spider-Geddon Hero Symbiote Spider-Man
75%
Fantastic Four Expansion Hero The Thing
75%
Tales of Asgard Expansion Hero Thor
75%
Pet Companions Companion Throg the Frog Thor
75%
Tales of Asgard Expansion Hero Valkyrie
75%
Marvel United Stretch Goals Hero Venom
75%
Marvel United After Campagin Add-On Villain Venom
75%
The Horsemen of the Apocalypse Expansion Villain War
75%
Marvel United: X-Men Stretch Goals Hero Weapon X
75%
Marvel United: X-Men Core Box Hero Wolverine
75%
Marvel United: X-Men Stretch Goals Hero X-23
75%
Marvel United KS Exclusive (Infinity/Ultimate only) Hero Yondu
75%
Marvel United: Multiverse Stretch Goals Villain Abomination
50%
Marvel United: Multiverse Stretch Goals Villain Absorbing Man
50%
Marvel United KS Exclusive (Ultimate only) Hero Adam Warlock
50%
Marvel United: Witching Hour Anti-Hero Agatha Harkness
50%
Marvel United: Multiverse Stretch Goals Hero Agent Venom
50%
Pet Companions Companion Alligator Loki
50%
Marvel United: Spider-Geddon Anti-Hero Anti-Venom
50%
World War Hulk Expansion Anti-Hero Ares
50%
Blue Team Expansion KS Exclusive Hero Banshee
50%
Marvel United Stretch Goals Villain Baron Zemo
50%
Tales of Asgard Expansion KS Exclusive Hero Beta Ray Bill
50%
War of Kings Expansion Hero Black Bolt
50%
Marvel United Stretch Goals Hero Black Cat
50%
Marvel United: Multiverse Stretch Goals Hero Black Knight
50%
Marvel United: X-Men Stretch Goals (X-Force Expansion) Hero Cable
50%
Marvel United: X-Men Stretch Goals Hero Captain Britain
50%
Marvel United: Multiverse Stretch Goals Hero Captain Britain (Betsy Braddock)
50%
Marvel United: Multiverse Core Box Hero Captain Carter
50%
War of Kings Expansion Hero Crystal
50%
The Horsemen of the Apocalypse Expansion Villain Death
50%
Fantastic Four Expansion Anti-Hero Doctor Doom
50%
Marvel United: Multiverse Core Box Villain Emperor Doom
50%
Marvel United: Multiverse Stretch Goals Villain Enchantress
50%
Marvel United Stretch Goals Hero Falcon
50%
Marvel United: X-Men Stretch Goals Hero Fantomex
50%
Marvel United: X-Men Stretch Goals Hero Firestar
50%
War of Kings Expansion Anti-Hero Gladiator
50%
War of Kings Expansion Hero Gorgon
50%
Marvel United: Multiverse Stretch Goals Villain Gorr
50%
Marvel United: X-Men Stretch Goals Hero Guardian
50%
Marvel United Stretch Goals Villain Hela
50%
World War Hulk Expansion Hero Hercules
50%
Marvel United: Multiverse Stretch Goals Villain High Evolutionary
50%
Marvel United: Multiverse Core Box Hero Ironheart
50%
War of Kings Expansion Hero Karnak
50%
Marvel United: Multiverse Stretch Goals Hero Kid Loki
50%
Marvel United: Multiverse Stretch Goals Villain Klaw
50%
Tales of Asgard Expansion Hero Korg
50%
Marvel United: Multiverse Stretch Goals Hero Lilandra
50%
War of Kings Expansion Hero Lockjaw
50%
Tales of Asgard Expansion Villain Loki
50%
Marvel United: Multiverse Core Box Hero Loki
50%
Marvel United: X-Men Stretch Goals Villain Mastermind
50%
Marvel United: Multiverse Stretch Goals Villain Maximus
50%
War of Kings Expansion Hero Medusa
50%
Blue Team Expansion Villain Mister Sinister
50%
Marvel United: Witching Hour/Promo Hero Mister Sinister
50%
Marvel United Stretch Goals Villain M.O.D.O.K.
50%
Annihilation Expansion Hero Moondragon
50%
Marvel United Stretch Goals Hero Moon Knight
50%
Marvel United: Multiverse Stretch Goals Anti-Hero Moonstone
50%
Maximum Carnage Expansion Anti-Hero Morbius
50%
Marvel United: X-Men Stretch Goals Hero Multiple Man
50%
Marvel United Stretch Goals Hero Nebula
50%
Marvel United: X-Men Stretch Goals Hero Northstar
50%
Marvel United: X-Men Stretch Goals Hero Pixie
50%
Blue Team Expansion Hero Psylocke
50%
Marvel United X-Men Stretch Goals Hero Puck
50%
Marvel United: Multiverse Stretch Goals Anti-Hero Red Guardian
50%
Marvel United: Multiverse Stretch Goals Anti-Hero Red Hulk
50%
Guardians of the Galaxy Remix Expansion Villain Ronan
50%
Secret Invasion Expansion Hero Ronin
50%
Return of the Sinister Six Expansion Villain Sandman
50%
Marvel United: X-Men Stretch Goals Hero Sasquatch
50%
Marvel United: Spider-Geddon Hero Scarlet Spider
50%
Maximum Carnage Expansion Villain Scream
50%
Marvel United: Multiverse Stretch Goals Hero Songbird
50%
Civil War Expansion Hero Spectrum
50%
Marvel United: Multiverse Stretch Goals Hero Speed
50%
Marvel United Stretch Goals Hero Squirrel Girl
50%
Marvel United: Multiverse Stretch Goals Hero Stature
50%
Marvel United: X-Men Stretch Goals (X-Force Expansion) Villain Stryfe
50%
Fantastic Four Expansion (Stretch Goal) Villain Super-Skrull
50%
Marvel United Core Box Villain Taskmaster
50%
Civil War Expansion Hero Tigra
50%
Marvel United: X-Men Core Box KS Exclusive Villain Toad
50%
War of Kings Expansion Hero Triton
50%
Marvel United Stretch Goals Hero Vision
50%
Return of the Sinister Six Expansion Villain Vulture
50%
Marvel United Stretch Goals Hero War Machine
50%
Marvel United: X-Men Stretch Goals Hero Warpath
50%
Rise of the Black Panther Expansion Hero Winter Soldier
50%
Marvel United: X-Men Stretch Goals Hero Wolfsbane
50%
Marvel United: Multiverse Stretch Goals Hero Wong
50%
Civil War Expansion Hero Yellowjacket
50%
Marvel United Stretch Goals Hero America Chavez
25%
Annihilation Expansion Villain Annihilus
25%
Marvel United: Multiverse Stretch Goals Hero Aurora
25%
Marvel United: X-Men Stretch Goals Villain Avalanche
25%
Marvel United: X-Men Stretch Goals Hero Boom-Boom
25%
Marvel United: X-Men Stretch Goals Villain Brood Queen
25%
Marvel United: Multiverse Core Box KS Exclusive Villain Bulldozer
25%
Marvel United: X-Men Stretch Goals Villain Callisto
25%
Marvel United: X-Men Stretch Goals Hero Cloak
25%
Pet Companions Companion Cosmo the Space Dog
25%
Marvel United: Multiverse Stretch Goals Villain Crimson Dynamo
25%
Marvel United: Multiverse Stretch Goals Hero Cypher
25%
Marvel United: X-Men Stretch Goals Hero Dagger
25%
Marvel United: Multiverse Stretch Goals Anti-Hero Daken
25%
Marvel United: X-Men Stretch Goals Hero Dazzler
25%
World War Hulk Expansion KS Exclusive Hero Doc Samson
25%
Marvel United: X-Men Stretch Goals Hero Doop
25%
Marvel United: Multiverse Stretch Goals Hero Elsa Bloodstone
25%
The Horsemen of the Apocalypse Expansion Villain Famine
25%
Marvel United: X-Men Stretch Goals Hero Feral
25%
Marvel United: Multiverse KS Exclusive (Omniverse only) Villain Fin Fang Foom
25%
The Coming of Galactus Expansion Villain Firelord
25%
Civil War Expansion Hero Goliath
25%
Marvel United: X-Men Stretch Goals Hero Gwenpool
25%
Phoenix Five Expansion Hero Hope Summers
25%
Marvel United Stretch Goals Hero Howard the Duck
25%
Civil War Expansion KS Exclusive Hero Hulkling
25%
Promo Deck (SDCC 2024) Hero Hybrid (Symbiotes)
25%
Marvel United: Multiverse Stretch Goals Villain Iron Patriot
25%
Deadpool Expansion KS Exclusive Hero Lady Deadpool
25%
Marvel United: X-Men Stretch Goals Anti-Hero Legion
25%
Marvel United: X-Men Stretch Goals Companion Lockheed the Dragon
25%
Marvel United: X-Men Stretch Goals Hero Longshot
25%
Marvel United: Multiverse Stretch Goals Hero Man-Thing
25%
Marvel United: X-Men Stretch Goals Anti-Hero Marrow
25%
Marvel United: Multiverse Stretch Goals Hero Meggan
25%
Marvel United: X-Men Stretch Goals Villain Mojo
25%
Marvel United: Multiverse Stretch Goals Villain Mole Man
25%
Marvel United: Multiverse Stretch Goals Hero Moon Girl & Devil Dinosaur
25%
Marvel United: Spider-Geddon Villain Morlun
25%
Phoenix Five Expansion Villain Namor
25%
Marvel United: X-Men Stretch Goals Anti-Hero Namor
25%
Days of Future Past Expansion Villain Nimrod
25%
Marvel United: X-Men Stretch Goals Villain Omega Red
25%
Marvel United: X-Men Stretch Goals Villain Onslaught
25%
Marvel United: Multiverse Stretch Goals Hero Patriot
25%
Marvel United: Spider-Geddon Hero Peni Parker
25%
Marvel United: Multiverse Core Box KS Exclusive Villain Piledriver
25%
Annihilation Expansion Hero Quasar
25%
Secret Invasion Expansion Villain Queen Veranke
25%
Pet Companions Companion Redwing the Falcon
25%
Marvel United: X-Men Stretch Goals Villain Sauron
25%
Days of Future Past Expansion Challenge Sentinels
25%
World War Hulk Expansion Anti-Hero Sentry/The Void
25%
Marvel United: X-Men Stretch Goals Villain Shadow King
25%
Marvel United Stretch Goals Hero Shang Chi
25%
Marvel United: X-Men Stretch Goals (X-Force Expansion) Hero Shatterstar
25%
Maximum Carnage Expansion Villain Shriek
25%
Marvel United: Spider-Geddon Hero Silk
25%
Marvel United: X-Men Stretch Goals Villain Silver Samurai
25%
Marvel United: Multiverse Stretch Goals Hero Siryn
25%
Marvel United: X-Men Stretch Goals Hero Snowbird
25%
Marvel United: X-Men Stretch Goals Anti-Hero Spiral
25%
Marvel United: Spider-Geddon Villain Spot
25%
Marvel United: X-Men Stretch Goals Hero Strong Guy
25%
The Coming of Galactus Expansion Villain Terrax
25%
Marvel United: Multiverse Core Box KS Exclusive Villain Thunderball
25%
Marvel United: Multiverse Stretch Goals Villain Titania
25%
Marvel United: Multiverse Stretch Goals Anti-Hero U.S. Agent
25%
War of Kings Expansion Villain Vulcan
25%
Marvel United: X-Men Stretch Goals Hero Warlock
25%
Marvel United: Multiverse Stretch Goals Hero Werewolf by Night
25%
Marvel United: Multiverse Stretch Goals Anti-Hero White Widow
25%
Marvel United: Multiverse Stretch Goals Hero Wiccan
25%
Civil War Expansion Hero Wonder Man
25%
Marvel United: Multiverse Core Box KS Exclusive Villain Wrecker
25%
The Age of Apocalypse Expansion Hero X-Man
25%
The Coming of Galactus Expansion Villain Air-Walker
0%
Marvel United: X-Men Stretch Goals Villain Arcade
0%
Gold Team Expansion Hero Archangel
0%
Marvel United: Multiverse Stretch Goals Villain Blastaar
0%
Deadpool Expansion Anti-Hero Bob, Agent of Hydra
0%
Marvel United: Multiverse Stretch Goals Hero Chamber
0%
Marvel United: Multiverse Stretch Goals Hero Ch'od
0%
Marvel United: Multiverse Stretch Goals Hero Corsair
0%
Marvel United: Multiverse Stretch Goals Villain Crossbones
0%
Marvel United: Multiverse Stretch Goals Anti-Hero Darkstar
0%
Marvel United: X-Men Stretch Goals Villain Deathbird
0%
Marvel United: Multiverse Stretch Goals Hero Deathlok
0%
Maximum Carnage Expansion Villain Demogoblin
0%
Maximum Carnage Expansion Villain Doppelganger
0%
Pet Companions Companion Goose the Flerken
0%
Marvel United: Multiverse Stretch Goals Hero Hepzibah
0%
Marvel United: Multiverse Stretch Goals Hero Husk
0%
Marvel United: Multiverse Core Box Villain Immortus
0%
Marvel United: Multiverse KS Exclusive (Herald/Omniverse only) Hero Iron Lad
0%
Pet Companions Companion Jeffrey the Land Shark
0%
Marvel United: Multiverse Core Box Villain Maestro
0%
Marvel United: X-Men Stretch Goals Hero Mirage
0%
The Age of Apocalypse Expansion Hero Morph
0%
The Age of Apocalypse Expansion Villain Nemesis
0%
The Horsemen of the Apocalypse Expansion Villain Pestilence
0%
Annihilation Expansion Hero Phyla-Vell
0%
Marvel United: Multiverse Stretch Goals Villain Purple Man
0%
Marvel United: Multiverse Stretch Goals Hero Raza
0%
Secret Invasion Expansion Villain Skrulls
0%
Marvel United: Spider-Geddon Hero Spider-Punk
0%
Marvel United: Multiverse Stretch Goals Anti-Hero Ursa Major
0%
No matching quizzes found
Score Distribution
Percent of People with Each Score
Percentile by Number Answered
Your Score History
You have not taken this quiz since the last reset